000 00464nam a2200181Ia 4500
001 16133
005 20260306170247.0
008 260306t2013||||xx |||||||||||||| ||und||
041 _aESP
082 _a346.943
_bC73
100 _aLamarca Marques, Albert
_eAUT
245 0 _aCódigo civil alemán y ley de introducción al código civil
260 _c2013
300 _a544 páginas :
_c24 cm.
650 _aGEN
654 _aCDE
942 _cLIB
_dJUS
_fJUS
_2ddc
_n
999 _c16133
_d16133